Československé občanské právo /

Hlavní autor: Švestka, Jiří, 1930-2019
Jazyk: Čeština
Vydáno: Praha : Univerzita Karlova, 1982
Vydání: 2., přeprac. vyd.
Témata:
Fyzický popis: 2 sv. ; 30 cm
Odebírané svazky: 1-2
Knihy
Uloženo v:
LEADER 01066nam a22003012aa4500
001 000366845
003 CZ BrMZK
005 20090108095028.0
007 ta
008 980105s1982 xr f cze d
035 |a (OCoLC)42182407 
040 |a ABA001  |b cze  |c ABA001  |d ABA001 
080 9 |a 347 
080 9 |a 342.7 
100 1 |a Švestka, Jiří,  |d 1930-2019  |7 jk01131935  |4 aut 
245 1 0 |a Československé občanské právo /  |c kolektiv pod vedením Jiřího Švestky 
250 |a 2., přeprac. vyd. 
260 |a Praha :  |b Univerzita Karlova,  |c 1982 
300 |a 2 sv. ;  |c 30 cm 
504 |a Obsahuje bibliografické odkazy 
505 0 |a díl 1. 202 s. -- Díl 2. 240 s. 
910 |a BOA001  |b 4-0846.235  |s 1-2 
920 |a 000366846 
964 |a Občanské právo - učebnice - vysoké školy 
990 |a BK 
991 |b 200901 
996 7 |b 2619828849  |c 4-0846.235  |d Díl 1.  |v 1  |l MZK  |r Sklad / do 1 hodiny  |n 11  |w 000366845  |u 000010  |a 1  |e BOA001  |j MZK50  |s A 
996 7 |b 2619828850  |c 4-0846.235  |d Díl 2.  |v 2  |l MZK  |r Sklad / do 1 hodiny  |n 4  |w 000366845  |u 000020  |a 1  |e BOA001  |j MZK50  |s A